000 00595 a2200157 4500
999 _c7757
_d7757
020 _a9780199338283
050 _aHV9950B TON 2011
100 _aTonry, Michael H
_eeditor
245 _aThe Oxford handbook of crime and criminal justice /
_cMichael H Tonry
264 _aNew York :
_bOxford University Press,
_c 2011.
300 _axi, 978 pages : illustrations ; 26 cm.
500 _alncludes index
650 _aCriminal justice, Administration of -- United States -- Handbooks, manuals, etc.
650 _aCrime -- United States -- Handbooks, manuals, etc.
942 _2lcc
_cBK
_h9950
_iTON
_kHN